Психология воли (Запись № 516206)

Подробности
000 -МАРКЕР
контрольное поле 01556nam0a2200337 4500
001 - ИДЕНТИФИКАТОР ЗАПИСИ
контрольное поле RU\NLR\bibl\94105
005 - ИДЕНТИФИКАТОР ВЕРСИИ
контрольное поле 20260406093223.0
010 ## - МЕЖДУНАРОДНЫЙ СТАНДАРТНЫЙ НОМЕР КНИГИ (ISBN)
Номер (ISBN) 5-8046-0125-3
Тираж 7000
021 ## - НОМЕР ГОСУДАРСТВЕННОЙ РЕГИСТРАЦИИ
Код страны Российская Федерация
Номер 2000-6426
Номер Листа государственной регистраци 319
035 ## - ДРУГИЕ СИСТЕМНЫЕ НОМЕРА
Идентификатор записи (NLR Aleph) 000091954
100 ## - ДАННЫЕ ОБЩЕЙ ОБРАБОТКИ
Данные общей обработки 20000623d2000 |||y0rusy50 ca
101 0# - ЯЗЫК РЕСУРСА
Язык текста, звукозаписи и т.д. русский
102 ## - СТРАНА ПУБЛИКАЦИИ ИЛИ ПРОИЗВОДСТВА
Страна публикации Российская Федерация
105 ## - ПОЛЕ КОДИРОВАННЫХ ДАННЫХ: ТЕКСТОВЫЕ МАТЕРИАЛЫ, МОНОГРАФИЧЕСКИЕ
Кодированные данные о монографическом текстовом документе a |||||||||
200 1# - ЗАГЛАВИЕ И СВЕДЕНИЯ ОБ ОТВЕТСТВЕННОСТИ
Основное заглавие Психология воли
Сведения, относящиеся к заглавию [Учеб. пособие для пед. учеб. заведений]
Первые сведения об ответственности Е.П. Ильин
210 ## - ПУБЛИКАЦИЯ, РАСПРОСТРАНЕНИЕ И ДР.
Место издания, распространения и т.д. СПб. и др.
Имя издателя, распространителя и т. д. Питер
Дата издания, распространения и т.д. 2000
215 ## - ФИЗИЧЕСКАЯ ХАРАКТЕРИСТИКА
Специфическое обозначение материала и объем 280 с.
Другие сведения о физической характеристике ил.
Размеры 24
225 1# - СЕРИЯ
Основное заглавие серии Серия "Мастера психологии"
300 ## - ОБЩИЕ ПРИМЕЧАНИЯ
Текст примечания На 4-й с. обл. авт.: Ильин Е.П. - д.психол.н., проф.
320 ## - ПРИМЕЧАНИЯ О НАЛИЧИИ В ДОКУМЕНТЕ БИБЛИОГРАФИИ / УКАЗАТЕЛЯ
Текст примечания Библиогр.: с. 267-280
606 0# - НАИМЕНОВАНИЕ ТЕМЫ КАК ПРЕДМЕТ
Наименование темы Воля
Формальный подзаголовок Руководства, пособия и т.п. для высшей школы
Тематический подзаголовок Психологические исследования
Системный номер авторитетной/нормативной записи 2141598
Идентификатор авторитетной/нормативной записи RU\NLR\auth\661290734
606 0# - НАИМЕНОВАНИЕ ТЕМЫ КАК ПРЕДМЕТ
Наименование темы Воля
Формальный подзаголовок Учебные издания для высшей школы
Тематический подзаголовок Психологические исследования
Системный номер авторитетной/нормативной записи 2141598
Идентификатор авторитетной/нормативной записи RU\NLR\auth\661290734
686 ## - ИНДЕКСЫ ДРУГИХ КЛАССИФИКАЦИЙ
Индекс Ю935.22я73
700 #1 - ИМЯ ЛИЦА - ПЕРВИЧНАЯ ОТВЕТСТВЕННОСТЬ
Код отношения Автор
Материалы, к которым относится поле rus
Графика поля Кириллица
Начальный элемент ввода Ильин
Часть имени, кроме начального элемента ввода Е. П.
Дополнения к именам, кроме дат д-р психол. наук, канд. биол. наук
Даты 1933-2015
Расширение инициалов личного имени Евгений Павлович
Идентификатор авторитетной/нормативной записи RU\NLR\AUTH\7765331
Системный номер авторитетной/нормативной записи 48260
801 #0 - ИСТОЧНИК ЗАПИСИ
Страна Российская Федерация
Организация NLR
Дата составления 20000623
Правила каталогизации PSBO
801 #1 - ИСТОЧНИК ЗАПИСИ
Страна Российская Федерация
Организация NLR
Дата составления 20000623
852 ## - МЕСТОНАХОЖДЕНИЕ И ШИФР ХРАНЕНИЯ
Идентификатор организации NLR
Шифр хранения (Call Number) 2000-7/826
942 ## - ДОПОЛНИТЕЛЬНЫЕ ЭЛЕМЕНТЫ ЗАПИСИ (АБИС)
Тип экземпляра АБИС Книга
980 ## - КОЛЛЕКЦИЯ
Название коллекции Национальная библиография
Экземпляры
Тип экземпляра Дата поступления Источник поступления Библиотека постоянного хранения Библиотека текущего хранения Место хранения Шифр хранения Штрих-код Статус экземпляра Стоимость
Книга 07.12.2004 Подсобные фонды РНБ РНБ (Московский) РНБ (Московский) Обменный фонд   1-631455   75.00
Книга 23.06.2000 Обязательный экземпляр РНБ (Московский) РНБ (Московский) Неопределен, для заказа не доступен, в ЭК виден Ю Ю9/И-46 44112    
Книга 23.06.2000 Обязательный экземпляр РНБ (Московский) РНБ (Московский) Неопределен, для заказа не доступен, в ЭК виден Ю Ю9/И-46 44115    
Книга 22.07.2004 Покупка РНБ (Фонтанка) РНБ (Фонтанка) Юношеский читальный зал Ю Ю935.2/И-46 1-178149